000 00238 a2200097 4500
001 15195
100 _aBentley W
245 _aQuestions in machine construction and drawing
260 _aLondon
_bThe bentley pub
_c
090 _c11935
_d11935
942 _aNUST-CAE
_cM
_c2153
999 _c250268
_d250268